The Amsterdam connection

Uloženo v:
Podrobná bibliografie
Hlavní autor: Leather, Sue
Médium: Kniha
Jazyk:Undetermined
Vydáno: Cambridge Cambridge University Press 2001
Témata:
Tagy: Přidat tag
Žádné tagy, Buďte první, kdo otaguje tento záznam!
Thư viện lưu trữ: Trung tâm Học liệu Trường Đại học Cần Thơ
LEADER 00541nam a2200193Ia 4500
001 CTU_120854
008 210402s9999 xx 000 0 und d
082 |a 428.34 
082 |b L438/Cas.1 
100 |a Leather, Sue 
245 4 |a The Amsterdam connection 
245 0 |c Sue Leather 
260 |a Cambridge 
260 |b Cambridge University Press 
260 |c 2001 
650 |a English language,English language 
650 |x Study and teaching,Listening 
904 |i M.Loan 
980 |a Trung tâm Học liệu Trường Đại học Cần Thơ